000 00213nam a22000857a 4500
008 161230b xxu||||| |||| 00| 0 eng d
100 _92240
_aAneja.P.C
245 _aDeutsch Interessant
260 _aNew Delhi
_bI.B.P
_c2011
999 _c5127
_d5127